Tìm hiểu làng nghề thủ công điêu khắc cổ truyền
Tìm hiểu làng nghề thủ công cổ truyền bao gồm: nghề đúc đồng,nghề chọn khắc gỗ, nghề chạm khắc đá.
Đã lưu trong:
| Tác giả chính: | |
|---|---|
| Định dạng: | Sách |
| Năm xuất bản: |
H.
Văn hóa Thông tin
2014
|
| Chủ đề: | |
| Tags: |
Thêm thẻ
Không có thẻ, Hãy là người đầu tiên gắn thẻ bản ghi này!
|
| LEADER | 01176nam a2200217 4500 | ||
|---|---|---|---|
| 082 | |a 390.4 |b CH 500 Q | ||
| 100 | |a Chu Quang Trứ | ||
| 245 | |a Tìm hiểu làng nghề thủ công điêu khắc cổ truyền |c Chu Quang Trứ | ||
| 260 | |a H. |b Văn hóa Thông tin |c 2014 | ||
| 300 | |a 123tr. |c 21cm | ||
| 500 | |a Đầu tên trang sách ghi: Hội văn nghệ dân gian Việt Nam | ||
| 520 | |a Tìm hiểu làng nghề thủ công cổ truyền bao gồm: nghề đúc đồng,nghề chọn khắc gỗ, nghề chạm khắc đá. | ||
| 653 | |a Văn hóa dân gian | ||
| 653 | |a Phong tục truyền thống | ||
| 653 | |a Nghề thủ công | ||
| 653 | |a Điêu khắc | ||
| 653 | |a Việt Nam | ||
| 942 | |2 ddc |c SH | ||
| 999 | |c 5682 |d 5682 | ||
| 952 | |0 0 |1 0 |2 ddc |4 0 |6 390_400000000000000_CH_500_Q |7 0 |8 300 |9 52140 |a qbu |b qbu |c D2 |d 2014-12-27 |g 24000 |l 1 |o 390.4 CH 500 Q |p 4944.C1 |r 2017-12-25 |s 2017-12-18 |w 2014-12-27 |y SH |0 0 |6 390_400000000000000_CH_500_Q |0 0 |6 390_400000000000000_CH_500_Q | ||
| 952 | |0 0 |1 0 |2 ddc |4 0 |6 390_400000000000000_CH_500_Q |7 0 |8 300 |9 77061 |a qbu |b qbu |c D2 |d 2015-06-10 |g 24000 |l 1 |o 390.4 CH 500 Q |p 4944.c2 |r 2018-01-22 |s 2017-12-12 |w 2015-06-10 |y SH |0 0 |6 390_400000000000000_CH_500_Q | ||